000 01675nam a22002537a 4500
999 _c57813
_d57813
003 Ge_BSU
005 20221221151205.0
008 201209s2020 ge ||||| |||| 00| 0 geo d
041 _ageo
080 _a81'25 ხ-20
100 _aხალვაში, ხათუნა
_95928
245 _aკანცელარიზმების ფუნქციონირება და უნიფიცირებული საქმიანი დოკუმენტების თარგმანის თავისებურებები (ქართული და რუსული საქმიანი დოკუმენტების მიხედვით) /
_cხათუნა ხალვაში; სამეცნ. ხელმძღვ. მერაბ ახვლედიანი; ბსუ; ჰუმანიტარულ მეცნიერებათა ფაკულტეტი.
264 _aბათუმი,
_c2020.
300 _a150 გვ.
_bილ.
_c30 სმ.
504 _aბიბლიოგრ. გვ. 144-150
653 _aფილოლოგია
653 _aლინგვისტიკა
653 _aსაქმიანი დოკუმენტები
653 _aთარგმანის თავისებურებები
653 _aდისერტაცია
700 _aახვლედიანი, მერაბ
_eმეცნიერ-ხელმძღვანელი
_99913
710 _aბსუ
_bჰუმანიტარულ მეცნიერებათა ფაკულტეტი
_99914
942 _2udc
_cDS